000 00667nam a22002297a 4500
003 OSt
005 20140310182439.0
008 130311t xxu||||| |||| 00| 0 eng d
020 _a0398058210
050 _aRC 78
_b.C35 1998
100 _a Carroll, Quinn B.
_97515
245 _aFuchs's radiographic exposure, processing, and quality control /
_cCarroll Quinn.
260 _aSpringfiled, Illinois :
_bCharles C Thomas Publisher,
_cc1998.
300 _a530 p. :
_c26 cm. ;
_bill. ;
650 _aRadiography , Medical.
_97516
942 _2lcc
_cSSLC
999 _c13491
_d13491